Ensayo sobre el gobierno civil

Uloženo v:
Podrobná bibliografie
Hlavní autor: Locke, John (autor)
Médium: Kniha
Jazyk:španělština
Vydáno: Buenos Aires Aguilar 1960
Vydání:2a. ed
Edice:Biblioteca de Iniciación Filosófica, 40
Témata:
Tagy: Přidat tag
Žádné tagy, Buďte první, kdo vytvoří štítek k tomuto záznamu!

MARC

LEADER 00000cam a2200000 a 4500
001 UCE6503
003 CL-VaPUC
008 150416e19600000ag |||||||||||||||||spa|d
082 0 4 |a 320.01  |b LOC  |2 21 
100 |a Locke, John  |e autor  |9 258383 
245 1 0 |a Ensayo sobre el gobierno civil 
250 |a 2a. ed 
300 |a 257 p 
942 |c BK 
945 |d 20150416 10:41:00  |a arojas 
260 |a Buenos Aires  |b Aguilar  |c 1960 
650 7 |a FILOSOFIA POLITICA  |2 CL-VaPUC  |9 579189 
650 7 |a TEORIA POLITICA  |2 CL-VaPUC  |9 579190 
650 0 |a Gobierno   |9 255508 
650 7 |a SISTEMAS POLITICOS  |2 CL-VaPUC  |9 579191 
583 |a last modification  |c 20150416 10:41:00  |k Rodrigo Vera 
490 0 |a Biblioteca de Iniciación Filosófica, 40 
999 |c 358829  |d 358827 
952 |0 0  |1 0  |3 erb  |4 0  |6 320_010000000000000_LOC_1960  |7 0  |8 A  |9 467732  |a BIBEDU  |b BIBEDU  |e Villagrán Garnham, Jorge  |i 5159733  |o 320.01 LOC 1960  |p 5159733  |r 2019-11-23  |w 2019-11-23  |y BK  |z Catalogado en:20150416  |k FIL